000
00268nam a22000857a 4500
008
230211b ||||| |||| 00| 0 eng d
100
_a
Harmer, H. R.
245
_a
The Erivan Collection
650
_a
United States|German States|Zeppelin|Austria and Lombardy-Venetia|Switzerland
999
_c
3482
_d
3482